000 00497nam a2200157Ia 4500
003 GCL
008 140319s9999 xx 000 0 ara d
040 _aGCL /
_cGCL
082 0 4 _aد
_b050
100 1 _aعبدالستار الطويلة
245 1 0 _aالانسان الاوربى فى العصر الجد واللعب (اقرا 321) /
_cعبدالستار الطويلة
300 _a158 ص
490 _aوثائق ونصوص
_v0
650 0 4 _aالتراجم الذاتية
942 _2ddc
_cCF
999 _c27287
_d27287